<?xml version="1.0" encoding="UTF-8"?>
<record
    xmlns:xsi="http://www.w3.org/2001/XMLSchema-instance"
    xsi:schemaLocation="http://www.loc.gov/MARC21/slim http://www.loc.gov/standards/marcxml/schema/MARC21slim.xsd"
    xmlns="http://www.loc.gov/MARC21/slim">

  <leader>01607nam a22001457a 4500</leader>
  <datafield tag="999" ind1=" " ind2=" ">
    <subfield code="c">516252</subfield>
    <subfield code="d">516252</subfield>
  </datafield>
  <controlfield tag="008">210220b           ||||| |||| 00| 0 eng d</controlfield>
  <datafield tag="100" ind1=" " ind2=" ">
    <subfield code="a">Ubels, Hiska et al</subfield>
    <subfield code="9">24290</subfield>
  </datafield>
  <datafield tag="245" ind1=" " ind2=" ">
    <subfield code="a">Non&#x2010;engagement of mid&#x2010;aged and elderly residents in rural civic livability initiatives</subfield>
  </datafield>
  <datafield tag="260" ind1=" " ind2=" ">
    <subfield code="a">Rural Sociology </subfield>
  </datafield>
  <datafield tag="300" ind1=" " ind2=" ">
    <subfield code="a">85(3), Sep, 2020: p.730-756</subfield>
  </datafield>
  <datafield tag="520" ind1=" " ind2=" ">
    <subfield code="a">In the context of public budget cuts and rural areas facing depopulation and aging, local governments increasingly encourage citizen engagement in addressing local livability issues. This paper examines the non&#x2010;engagement of mid&#x2010;aged and elderly residents (45+ years old) in civic initiatives that intend to improve the livability of their community. We focus on residents of depopulating rural areas in the North Netherlands. We compare their engagement with the behavior of residents in other, not depopulating, rural areas, and urban areas. Using logistic statistical analyses, we found that the majority of the aging residents did not engage in civic livability initiatives during the past two years, and one&#x2010;third of this group had no intention to do so in the future. In all areas, the main reasons for non&#x2010;engagement were that residents had other priorities, felt not capable of engaging, or felt that the responsibility for local livability belonged to the local government. Furthermore, it appeared that non&#x2010;engagement was predominantly explained by the unwillingness to engage, rather than by specific motivations or lacking abilities. - Reproduced </subfield>
  </datafield>
  <datafield tag="773" ind1=" " ind2=" ">
    <subfield code="a">Rural Sociology</subfield>
  </datafield>
  <datafield tag="906" ind1=" " ind2=" ">
    <subfield code="a">RURAL DEVELOPMENT</subfield>
  </datafield>
  <datafield tag="942" ind1=" " ind2=" ">
    <subfield code="c">AR</subfield>
  </datafield>
  <datafield tag="952" ind1=" " ind2=" ">
    <subfield code="0">0</subfield>
    <subfield code="1">0</subfield>
    <subfield code="2">ddc</subfield>
    <subfield code="4">0</subfield>
    <subfield code="7">0</subfield>
    <subfield code="9">390344</subfield>
    <subfield code="a">IIPA</subfield>
    <subfield code="b">IIPA</subfield>
    <subfield code="d">2021-02-20</subfield>
    <subfield code="h">85(3), Sep, 2020: p.730-756</subfield>
    <subfield code="p">AR124348</subfield>
    <subfield code="r">2021-02-20</subfield>
    <subfield code="y">AR</subfield>
  </datafield>
</record>
